[Event "TUR-chT 2nd League"]
[Site "Konya"]
[Date "2018.07.22"]
[Round "9.17"]
[White "Demirkiran, Bensu Ecem"]
[Black "Aladag, Begum"]
[Result "1/2-1/2"]
[WhiteElo "1164"]
[BlackElo "1432"]
[PlyCount "110"]
[EventDate "2018.07.16"]
[EventType "team-swiss"]
[EventRounds "9"]
[EventCountry "TUR"]
[SourceTitle "EXT 2019"]
[Source "ChessBase"]
[SourceDate "2018.10.10"]
[SourceVersion "1"]
[SourceVersionDate "2018.10.10"]
[SourceQuality "1"]
[WhiteTeam "Serenler Egitim"]
[BlackTeam "Mersin Zeka"]
[WhiteTeamCountry "TUR"]
[BlackTeamCountry "TUR"]

1. e4 c5 2. c3 Nf6 3. e5 Nd5 4. Nf3 e6 5. Bc4 Nb6 6. Bb3 c4 7. Bc2 d5 8. exd6 Qxd6 9. d4 cxd3 10. Qxd3 Qxd3 11. Bxd3 Bc5 12. 0-0 0-0 13. Nbd2 Nc6 14. Nb3 Be7 15. Be3 e5 16. Bc5 Bxc5 17. Nxc5 Nd7 18. Nxd7 Bxd7 19. Rfe1 Rfe8 20. Be4 f6 21. Rad1 Be6 22. Bd5 Bxd5 23. Rxd5 Rad8 24. Red1 Rxd5 25. Rxd5 Rd8 26. Rxd8+ Nxd8 27. Kf1 Kf7 28. Ke2 Ke6 29. c4 Nf7 30. b3 Nd6 31. Ke3 b6 32. h3 h6 33. g4 g6 34. Nd2 f5 35. f3 h5 36. a3 hxg4 37. hxg4 Ne8 38. Nf1 Nf6 39. Nh2 Kd6 40. b4 a5 41. Kd3 axb4 42. axb4 Kc6 43. gxf5 gxf5 44. Nf1 Ng8 45. Ng3 Ne7 46. c5 bxc5 47. bxc5 Kxc5 48. Nxf5 Nxf5 49. Ke4 Kd6 50. Kxf5 Kd5 51. Kg4 Kd4 52. Kh3 Kd3 53. Kg4 Ke3 54. Kg3 e4 55. fxe4 Kxe4 1/2-1/2